[Event "PER-ch"]
[Site "Lima"]
[Date "2017.03.01"]
[Round "1"]
[White "Araoz Andrade, Ivan Alexander"]
[Black "Rengifo Blancas, Renzo Jhonathan"]
[Result "0-1"]
[WhiteElo "1624"]
[BlackElo "2221"]
[PlyCount "92"]
[EventDate "2017.03.01"]
[EventType "swiss"]
[EventRounds "9"]
[EventCountry "PER"]
[SourceTitle "CBM 177 Extra"]
[Source "ChessBase"]
[SourceDate "2017.04.27"]
[SourceVersion "1"]
[SourceVersionDate "2017.04.27"]
[SourceQuality "1"]

1. d4 d5 2. c4 c6 3. Nc3 e5 4. dxe5 d4 5. Ne4 Qa5+ 6. Bd2 Qxe5 7. Ng3 c5 8. Nf3 Qc7 9. e3 Nc6 10. Bd3 Nf6 11. 0-0 dxe3 12. Re1 Be6 13. Bxe3 0-0-0 14. Qe2 h5 15. h3 Ne5 16. Nxe5 Qxe5 17. Qc2 h4 18. Nf1 g5 19. Bd2 Qd6 20. Bxg5 Qxd3 21. Qxd3 Rxd3 22. Bxf6 Rh6 23. Bg5 Rh5 24. Bf4 Bg7 25. Rab1 Rd4 26. Be3 Rxc4 27. b3 Rc2 28. Rbc1 Rxa2 29. Bxc5 Kd7 30. Red1+ Rd5 31. Ne3 Rxd1+ 32. Rxd1+ Kc6 33. Rc1 Kb5 34. Be7 Ra1 35. Rxa1 Bxa1 36. Bxh4 Bxb3 37. Be7 Bb2 38. Nf5 a5 39. Nd6+ Kc6 40. Ne4 Bc2 41. Nd2 b5 42. Kf1 a4 43. Nf3 Kd7 44. Bb4 a3 45. Bxa3 Bxa3 46. Ke2 Bb2 0-1

[Event "Lima-ch U16"]
[Site "Lima"]
[Date "2017.01.12"]
[Round "1.5"]
[White "Araoz Andrade, Ivan Alexander"]
[Black "Jara Marengo, Luis Carlos"]
[Result "1-0"]
[WhiteElo "1768"]
[BlackElo "1445"]
[PlyCount "59"]
[EventDate "2017.01.12"]
[EventType "swiss"]
[EventRounds "7"]
[EventCountry "PER"]
[SourceTitle "EXT 2024"]
[Source "ChessBase"]
[SourceDate "2023.10.10"]
[SourceVersion "1"]
[SourceVersionDate "2023.10.10"]
[SourceQuality "1"]

1. d4 e6 2. e4 b6 3. Nf3 Bb7 4. Bd3 Nf6 5. Qe2 Be7 6. 0-0 d5 7. e5 Ne4 8. Nbd2 Ng5 9. Nxg5 Bxg5 10. f4 Be7 11. f5 Nc6 12. fxe6 Nxd4 13. Qh5 g6 14. exf7+ Kd7 15. Qg4+ Ne6 16. Nf3 Bc5+ 17. Kh1 d4 18. Ng5 Bd5 19. Be4 h5 20. Qh3 Ke7 21. Qf3 Kf8 22. Bxd5 Nxg5 23. Bxg5 Qxg5 24. Bxa8 Qd8 25. Rae1 Bb4 26. c3 Bc5 27. cxd4 Qxd4 28. Rd1 Qb4 29. Rd8+ Kg7 30. Qf6+ 1-0